Mi libro de historia de México : quinto grado : educación primaria

Gespeichert in:
Bibliographische Detailangaben
Körperschaft: México. Secretaría de Educación Pública.
Format: Buch
Sprache:Spanisch
Erschienen: México: Secretaría de Educación Pública , 1992
Katalog:MANES:  Suchergebnis im Bibliothekskatalog
Schulbuchspezifische Eigenschaften:
Tags: Tag hinzufügen
Keine Tags, Fügen Sie den ersten Tag hinzu!
Hinzugefügt zu:25.01.1996
Geändert in:08.05.2025

MARC

LEADER 00000nam a2200000 4500
003 OSt
005 20250508092023.0
008 960126s1992 mx f 1 spa u
020 |a 9682942810 
040 |a CINV  |c CINV 
050 0 4 |a LTG LB1582.M5  |b M49 5º 1992 
051 0 4 |a LTG LB1582.M5-M49 5º 1992 
110 1 |a México.  |b Secretaría de Educación Pública.  |9 24090 
245 1 0 |a Mi libro de historia de México :  |b quinto grado : educación primaria /  |c Secretaría de Educación Pública. 
260 |a México:  |b Secretaría de Educación Pública ,  |c 1992 
300 |a 159 p. :  |b il. ;  |c 27 cm. 
546 |a México 
561 |5 mx-CINVES  |a México. DIE-Cinvestav (Ciudad de México)  |k MANES 
690 0 |a HI 
691 0 |a PRI 
910 |a E-34099  |a E-34842(ej.2) 
942 |2 lcc  |c BK 
999 |c 54583  |d 54583 
999 |c manes:54583  |d 54583